Fiskální cílení v České republice a na Slovensku
Fiškálne cielenie je relatívne nový nástroj riadenia verejných výdavkov, resp. fiškálnej politiky. Základný popis metódy fiškálneho cielenia a následná komparácia fungovania tohto nástroja v podmienkach Česka a Slovenska. Fiškálny cieľ ako záväzný ukazovateľ, ktorý by nemal byť v stanovených rokoch...
Gespeichert in:
| 1. Verfasser: | |
|---|---|
| Format: | Buchkapitel |
| Sprache: | Tschechisch |
| Schlagworte: | |
| Tags: |
Keine Tags, Fügen Sie das erste Tag hinzu!
|
MARC
| LEADER | 00000nla$a2200000$$$4500 | ||
|---|---|---|---|
| 001 | 0077745 | ||
| 005 | 20220801085030.0 | ||
| 041 | 0 | |a cze | |
| 044 | |a CZ | ||
| 245 | 1 | 0 | |a Fiskální cílení v České republice a na Slovensku |c Petra Dvořáková |
| 520 | |a Fiškálne cielenie je relatívne nový nástroj riadenia verejných výdavkov, resp. fiškálnej politiky. Základný popis metódy fiškálneho cielenia a následná komparácia fungovania tohto nástroja v podmienkach Česka a Slovenska. Fiškálny cieľ ako záväzný ukazovateľ, ktorý by nemal byť v stanovených rokoch prekročený. Zhodnotenie fungovania fiškálneho cielenia v Česku a na Slovensku. | ||
| 610 | 2 | 0 | |a politika fiškálna |
| 610 | 2 | 0 | |a nástroje finančné |
| 610 | 2 | 0 | |a financie verejné |
| 610 | 2 | 0 | |a Česko |
| 610 | 2 | 0 | |a Slovensko |
| 100 | 1 | |a Dvořáková, Petra | |